000 00366nam a2200145Ia 4500
005 20251222143153.0
008 251222s9999||||xx |||||||||||||| ||spa||
020 _a84-7884-240-3
082 _a372.7/G45
100 _aGil, Daniel
245 0 _aFormación del Profesorado de las Ciencias y la Matemática:
250 _a2a.ed.
264 _bPopular
942 _cLIB
999 _c12766
_d12766